Movies Quiz

Random Movies or Actor Quiz

Match The Real-Life People To Actors Who Played Them Quiz Stats

 Plays Quiz not verified by Sporcle

Score 0/50 Timer 12:00
0 Plays Today
% Correct
Margaret Thatcher (The Iron Lady)
81.8%
Jim Lovell (Apollo 13)
81.8%
Richard Phillips (Captain Phillips)
78.6%
Chesley Sullenberger (Sully: Miracle On The Hudson)
77.2%
Walt Disney (Saving Mr. Banks)
77%
Mahatma Gandhi (Gandhi)
73.4%
Edward D. Wood, Jr. (Ed Wood)
68.4%
J.M. Barrie (Finding Neverland)
67.6%
Winston Churchill (Darkest Hour)
66.8%
Queen Elizabeth II (The Queen)
66.4%
John Dillinger (Public Enemies)
65.7%
James B. Donovan (Bridge Of Spies)
64.7%
Alfred Hitchcock (Hitchcock)
63.9%
Virginia Woolf (The Hours)
63.8%
Katharine 'Kay' Graham (The Post)
62.4%
Queen Elizabeth I (Shakespeare In Love)
61.4%
James 'Whitey' Bulger (Black Mass)
58%
Queen Victoria (Mrs. Brown)
55.8%
Richard Nixon (Nixon)
54.6%
Itzhak Stern (Schindler's List)
54.6%
Karen Silkwood (Silkwood)
54.3%
Sid Vicious (Sid & Nancy)
52.8%
George Jung (Blow)
52.3%
Grace Kelly (Grace Of Monaco)
48.9%
John Quincy Adams (Amistad)
48.1%
% Correct
Lee Harvey Oswald (JFK)
47.3%
C.S. Lewis (Shadowlands)
45.4%
Frederick Treves (The Elephant Man)
44.2%
Georges Méliès (Hugo)
44%
Agatha Christie (Agatha)
42.8%
Sue Brierley (Lion)
38.4%
Alma Reville (Hitchcock)
38.2%
Iris Murdoch (Iris)
37.6%
Lindy Chamberlain (A Cry In The Dark)
37.3%
Ludwig Van Beethoven (Immortal Beloved)
35.6%
Emmeline Pankhurst (Suffragette)
34.6%
Dmitri Shostakovich (Testimony)
33.5%
Meyer Lansky (Bugsy)
32%
Dame Sybil Thorndike (My Week With Marilyn)
31.9%
Isadora Duncan (Isadora)
30.6%
Maria Altmann (Woman In Gold)
29.8%
Diane Arbus (Fur: An Imaginary Portrait Of Diane Arbus)
29.6%
Joe Orton (Prick Up Your Ears)
26.5%
Hedda Hopper (Trumbo)
26.2%
Mary, Queen Of Scots (Mary, Queen Of Scots)
25.7%
Gertrude Bell (Queen Of The Desert)
23.8%
Sofya Tolstoy (The Last Station)
22.9%
Anne Hathaway (All Is True)
21.2%
Lady 'Speranza' Wilde (Wilde)
19.9%
Renée Richards (Second Serve)
12.9%

You're not logged in!

Compare scores with friends on all Sporcle quizzes.
OR
Log In

Show Comments

Extras

Top Quizzes Today


Score Distribution

Your Account Isn't Verified!

In order to create a playlist on Sporcle, you need to verify the email address you used during registration. Go to your Sporcle Settings to finish the process.

Report this User

Report this user for behavior that violates our Community Guidelines.

Details: